Durácia fondov

Pre investorov dlhopisových fondov je dôležité poznať duráciu fondu, do ktorého majú investovať. Durácia slovenských dlhopisových fondov. Ako sa menila durácia najviac predávaného fondu v SR, a to otvoreného podielového fondu TAM dlhopisový (od januára 2009 až do januára 2017).

Salvato in:
Dettagli Bibliografici
Autore principale: Kmeťko, Miroslav, 1969-
Natura: Capitolo di libro
Lingua:slovacco
Soggetti:
Tags: Aggiungi Tag
Nessun Tag, puoi essere il primo ad aggiungerne!!

MARC

LEADER 00000naa$a2200000$$$4500
001 0237735
005 20240502073837.8
041 0 |a slo 
044 |a SK 
245 1 0 |a Durácia fondov  |c Miroslav Kmeťko 
520 |a Pre investorov dlhopisových fondov je dôležité poznať duráciu fondu, do ktorého majú investovať. Durácia slovenských dlhopisových fondov. Ako sa menila durácia najviac predávaného fondu v SR, a to otvoreného podielového fondu TAM dlhopisový (od januára 2009 až do januára 2017). 
610 2 0 |a fondy dlhopisové 
610 2 0 |a durácia 
610 2 0 |a sadzby úrokové 
610 2 0 |a investície 
610 2 0 |a investori 
100 1 |a Kmeťko, Miroslav, 1969-